000 00333nam a22001457a 4500
008 210528b ||||| |||| 00| 0 eng d
020 _a9780073305400
041 _aeng
080 _26th
_a579
082 _a579
100 _a11
101 _aMIK
245 _aFoundations in Microbiology
_cKathleen Park Talaro
942 _2udc
_cBK
999 _c57802
_d57802